00784nam a2200217 a 4500999001500000001000600015003000900021005001700030008004100047040003800088082002400126245007300150260007200223300002200295505001100317546002500328650002100353710005400374942001200428952012600440 c1376d137610990BD-DhUAP20210120151412.0200206s2007 bg l f001 0 eng d aBD-DhUAPcBD-DhUAPdBD-DhUAPbEng00a348.5492022 BAN22314aThe Bangladesh code :bact No. XXXIX of 1925 to act No. VII of 1936. aDhaka :bMinistry of Law, Justice and Parliamentary Affairs,c2007. avolumes ;c24 cm. aV. 8-- aEnglish and Bengali. 0aLawzBangladesh. aGovernment of the peoples republic of Bangladesh. 2ddccBK 00102ddc4070aUAPCLbUAPCLcGeneral Stacksd2020-02-06o348.5492022 BAN V-8p3010010990r2020-02-06t1w2020-02-06yBK